| 000 | 00603nam a22002057a 4500 | ||
|---|---|---|---|
| 003 | 0 | ||
| 005 | 20251108101417.0 | ||
| 008 | 251108b xxu||||| |||| 00| 0 eng d | ||
| 020 | _a978-0-446-54401-6 | ||
| 050 |
_aPS 3552.A446 _b.B35 2008 |
||
| 100 |
_aBaldacci, David, _eauthor. |
||
| 245 |
_aThe Whole truth / _cDavid Baldacci. |
||
| 260 |
_aNew York, NY : _bGrand Central Publishing, _c2008. |
||
| 300 |
_a462 pages ; _c18 cm. |
||
| 650 | _aSuspense fiction. | ||
| 650 |
_aLawyers _xFiction. |
||
| 650 |
_aMurder _xInvestigation _vFiction. |
||
| 650 |
_aTrials (Murder) _xFiction. |
||
| 942 |
_2lcc _cBK |
||
| 999 |
_c368536 _d368536 |
||